Score 0/15 Timer 03:00
2 Plays Today
% Correct
LUNGE
90.4%
BRING
87%
RANGED
86.7%
RATIONS
81.4%
FLANK
79.5%
OUTRANCE
74.7%
BUNGLERS
73.7%
MENTALIST
73.4%
% Correct
ORNATE
73.2%
ZING
72.1%
HUNGER
67.4%
FUNGAL
61.6%
ANGER
57.3%
BINOMINAL
51.8%
DANCE
33.3%
Remove Ads.
Support Sporcle.
Get the best of Sporcle when you Go Orange. This ad-free experience offers more features, more stats, and more fun while also helping to support Sporcle. Thank you for becoming a member.

You're not logged in!

Compare scores with friends on all Sporcle quizzes.
OR
Log In

Show Comments

Extras

Top Quizzes Today


Score Distribution

Your Account Isn't Verified!

In order to create a playlist on Sporcle, you need to verify the email address you used during registration. Go to your Sporcle Settings to finish the process.

Report this User

Report this user for behavior that violates our Community Guidelines.

Details: